| 000 | 00000nam##2200000za#4500 |
| 001 | 9.605452 |
| 003 | CaOODSP |
| 005 | 20221104105553 |
| 007 | cr ||||||||||| |
| 008 | 150406|2000||||xxc|||||o f|0| 0 fre|d |
| 040 | |aCaOODSP|bfre |
| 043 | |an-cn--- |
| 086 | 1 |aR61-2/8-10F-PDF |
| 110 | 2 |aParcs Canada. |
| 245 | 10|aL'étude de la vallée de la Bow : |h[ressource électronique]|bune rétrospective / |cpar Douglas W. Hodgins et J. Douglas Cook. |
| 260 | |aOttawa - Ontario : |bParcs Canada |
| 300 | |a44p.|bfigures (certaines en couleur), références |
| 490 | 1 |aPublication hors série|vN° 10, 2000 |
| 500 | |aLe n° de catalogue (R61-2/8-10F) et l'ISBN (0-662-84705-9) de l'édition imprimée ont été incorrectement copiés dans l'édition électronique. |
| 590 | |a13-06-Supp|b2013-03-19 |
| 775 | 08|tThe Banff-Bow Valley study : |w(CaOODSP)9.576151 |
| 830 | #0|aPublication hors série ;|vN° 10, 2000|w(CaOODSP)9.503504 |
| 856 | 40|ahttp://publications.gc.ca|qPDF|s325 Ko|uhttps://publications.gc.ca/collections/Collection/R61-2-8-10F.pdf|yN° 10, 2000 |